Online
Catalog

Elementos de política : (Record no. 14273)

MARC details
000 -CABECERA
campo de control de longitud fija 00772cam a2200241 a 4500
001 - NÚMERO DE CONTROL
campo de control 000014690
005 - FECHA Y HORA DE LA ÚLTIMA TRANSACCIÓN
campo de control 20250707112615.0
008 - DATOS DE LONGITUD FIJA--INFORMACIÓN GENERAL
campo de control de longitud fija 820601s1977 sp 001 0 spa d
020 ## - NÚMERO INTERNACIONAL ESTÁNDAR DEL LIBRO
Número Internacional Estándar del Libro 843250355X
040 ## - FUENTE DE LA CATALOGACIÓN
Centro catalogador/agencia de origen DO-SdBNP
Centro/agencia transcriptor CarP
Centro/agencia modificador DLC
082 ## - NÚMERO DE LA CLASIFICACIÓN DECIMAL DEWEY
Número de clasificación 320
Número de documento/Ítem M958e
049 ## - FONDOS LOCALES (OCLC)
Fondos de biblioteca BNGR
100 1# - ENTRADA PRINCIPAL--NOMBRE DE PERSONA
Nombre de persona Müller, Adam Heinrich,
Fechas asociadas al nombre 1779-1829.
9 (RLIN) 33299
245 10 - MENCIÓN DE TÍTULO
Título Elementos de política :
Resto del título lecciones dadas en Dresden en el invierno de 1808-1809 /
Mención de responsabilidad, etc. Adam Heinrich Müller.
260 ## - PUBLICACIÓN, DISTRIBUCIÓN, ETC.
Lugar de publicación, distribución, etc. Madrid :
Nombre del editor, distribuidor, etc. Dncel,
Fecha de publicación, distribución, etc. 1977.
300 ## - DESCRIPCIÓN FÍSICA
Extensión 331 p. ;
Dimensiones 18 cm.
490 1# - MENCIÓN DE SERIE
Mención de serie El libro de bolsillo doncel
Designación de volumen o secuencia 121
650 #0 - PUNTO DE ACCESO ADICIONAL DE MATERIA--TÉRMINO DE MATERIA
Término de materia o nombre geográfico como elemento de entrada Ciencia política
9 (RLIN) 5772
650 #0 - PUNTO DE ACCESO ADICIONAL DE MATERIA--TÉRMINO DE MATERIA
Término de materia o nombre geográfico como elemento de entrada Estado
9 (RLIN) 726
650 #0 - PUNTO DE ACCESO ADICIONAL DE MATERIA--TÉRMINO DE MATERIA
Término de materia o nombre geográfico como elemento de entrada Economia
9 (RLIN) 85383
830 #0 - PUNTO DE ACCESO ADICIONAL DE SERIE-TÍTULO UNIFORME
Título uniforme El libro de bolsillo doncel ;
Designación de volumen o secuencia 121
9 (RLIN) 8628
910 ## - DATOS DE OPCIÓN DEL USUARIO (OCLC)
Datos de opción del usuario Catalogación derivada
Holdings
Estado de retiro Estado de pérdida Restricciones de uso No para préstamo Código de colección Localización permanente Ubicación/localización actual Ubicación en estantería Fecha de adquisición Número de inventario Total de préstamos Signatura topográfica completa Código de barras Fecha visto por última vez Precio válido a partir de Tipo de ítem Koha Número de copia
    Préstamo interno   Monografías: Libros y Folletos General General En catalogación 18.01.2010 LF1   320 M958e 14690-10 25.06.2020 25.06.2020 Préstamo interno  
    Préstamo interno Préstamo restrigido Monografías: Libros y Folletos General General En catalogación 18.01.2010 LF1   320 M958e 14690-20 25.06.2020 25.06.2020 Préstamo interno e.2
    Préstamo interno   Monografías: Libros y Folletos General General En catalogación 18.01.2010 LF1   320 M958e 14690-30 25.06.2020 25.06.2020 Préstamo interno e.3

Powered by Koha